Los vericuetos de una negociación

保存先:
書誌詳細
フォーマット: テキスト
主題:
タグ: タグ追加
タグなし, このレコードへの初めてのタグを付けませんか!

MARC

LEADER 00000 a a2200000 04500
001 6953
003
040
245 |a Los vericuetos de una negociación  
650 |a SINDICATOS  
650 |a CONFLICTOS LABORALES  
650 |a POLITICA SALARIAL  
650 |a ASOCIACIONES DE EMPLEADOS  
650 |a ESCALA DE SALARIOS  
773 |g número 1; s.p  
999 |c 26144  |d 26144